• 首页
  • 本馆介绍
  • 公告通知
  • 最新文献
  • 馆藏检索
  • 电子资源
  • 读者导购
  • 参考咨询
  • 我的图书馆
  • 登录
  • 详细信息显示
  • 放入我的书架
  • 预约/预借图书
  • 作者相关作品
  • 分类相关作品
  • 丛书相关作品
  • 出版社相关作品

书目信息

  • 表格格式
  • 工作单格式
  • 卡片格式
题名:
深度学习与医学图像处理
    
 
作者: 梁隆恺 编著
分册:  
出版信息: 北京   人民邮电出版社  2023.06
页数: 184页
开本: 24cm
丛书名: 智能医学与大数据系列
单 册:
中图分类:
科图分类:
主题词: 机器学习--应用--医学摄影--图象处理 , 诊断学
电子资源:
ISBN: 978-7-115-61180-2
000 01078nam 2200313 450
001 2355226035
005 20120618222329.16
010    @a978-7-115-61180-2@dCNY89.80
100    @a20230621d2023 em y0chiy50 ea
101 0  @achi
102    @aCN@b110000
105    @aa a 000yy
106    @ar
200 1  @a深度学习与医学图像处理@f梁隆恺 ... [等] 编著
210    @a北京@c人民邮电出版社@d2023.06
215    @a184页@c图@d24cm
225 2  @a智能医学与大数据系列
300    @a异步图书
304    @a题名页题其余责任者: 付鹤, 陈峰蔚, 刘亚欧, 熊云云
320    @a有书目
330    @a本书先介绍医学图像的基础知识, 包括医学图像数据、数据标注、医学数字图像处理和医学图像分类 ; 其次介绍解决医学图像处理中常见的机器视觉任务 (语义分割、关键点检测和医学图像配准), 并辅以实战案例 ; 最后介绍模型优化和迁移学习的相关内容。
410  0 @12001 @a智能医学与大数据系列
606 0  @a机器学习@x应用@x医学摄影@x图象处理
606 0  @a诊断学
690    @a@v5
690    @aR445@v4
701  0 @a梁隆恺@4编著
801  0 @aCN@b安徽时代出版发行有限公司@c20230621
905    @dR445@e180
    
    深度学习与医学图像处理/梁隆恺 ... [等] 编著.-北京:人民邮电出版社,2023.06
    184页:图;24cm.-(智能医学与大数据系列)
    异步图书
    
    ISBN 978-7-115-61180-2:CNY89.80
    本书先介绍医学图像的基础知识, 包括医学图像数据、数据标注、医学数字图像处理和医学图像分类 ; 其次介绍解决医学图像处理中常见的机器视觉任务 (语义分割、关键点检测和医学图像配准), 并辅以实战案例 ; 最后介绍模型优化和迁移学习的相关内容。
●
相关链接 在E读中查询图书 在五车中查询图书 在当当中查询图书 在豆瓣中查询图书


正题名:深度学习与医学图像处理     索取号:R445/180         预约/预借

序号 登录号 条形码 馆藏地/架位号 状态 备注
1 1411722   214117221   第二样本阅览室/ [索取号:R445/180] 在馆    
2 1411723   214117230   第三借阅区/ [索取号:R445/180] 在馆    
3 1411724   214117249   第三借阅区/ [索取号:R445/180] 在馆    
4 1411725   214117258   第三借阅区/ [索取号:R445/180] 在馆    
5 1411726   214117267   第三借阅区/ [索取号:R445/180] 在馆    
唐山师范学院图书馆 欢迎您!
大连网信软件有限公司© 版权所有